000
00336nam a2200133 a 4500
001
4143
005
20140414131855.0
008
090223s19uu xx 00 eng d
050
_a
M 813.4
_b
C59 2008
100
_a
Twain, Mark
245
_a
The Adventures of Tom Sawyer.
260
_a
New York :
_b
Penguin Books,
_c
2008.
999
_c
110390
_d
110390